000 00540nam a22001697a 4500
005 20251108172234.0
008 250721s9999 xx 000 0 ara d
082 1 4 _a210/صوف
100 1 _aالصوفي، ماهر أحمد
245 1 0 _aالإنسان في عالم الذنوب و التوبة و الغفران :
_bدراسة حديثة مستمدة من القرآن ...... /
264 _bالمؤلف،
_c[19-].
300 _a188ص
650 1 7 _aالتوبة
650 1 7 _aالإسلام
942 _2ddc
_cBK
999 _c73941
_d73941